|
|
|
|
| LEADER |
00000nab a2200000 a 4500 |
| 001 |
vtls000712529 |
| 003 |
SK-MaSNL |
| 005 |
20260304103958.0 |
| 008 |
250429c1999 xo 0 slo |
| 015 |
|
|
|a SNBRB2000/02-05534
|
| 035 |
|
|
|a CLN000064696
|
| 035 |
|
|
|a (urnnbn)urn:nbn:sk:snk:ar-002yih
|
| 035 |
|
|
|a (uuid)9d63e60e-ee64-437e-9575-0d9b1375f8b9
|
| 035 |
|
|
|a urn:nbn:sk:snk-ab7sri
|
| 040 |
|
|
|a SNKBUCL
|b slo
|c SNKBUCL
|e AACR2
|
| 041 |
0 |
|
|a slo
|
| 044 |
|
|
|a xo
|c SK
|
| 080 |
|
|
|a 904(437.6):726.54
|2 1997
|
| 080 |
|
|
|a 726.54(437.6)
|2 1997
|
| 100 |
1 |
|
|a Sopoliga, Miroslav,
|d 1946-
|4 aut
|9 233065
|
| 245 |
1 |
0 |
|a Drevené "cerkvi" na východnom Slovensku
|c Miroslav Sopoliga
|
| 300 |
|
|
|b Obr.
|
| 504 |
|
|
|a Bibliogr. odkazy
|
| 650 |
0 |
7 |
|a kostoly drevené
|z Slovensko východné
|2 snkbucl
|9 893160
|
| 650 |
0 |
7 |
|a architektúra sakrálna drevená
|z Slovensko východné
|2 snkbucl
|9 1403277
|
| 655 |
|
7 |
|a články z novín a časopisov
|2 snkbucl
|9 267496
|
| 773 |
0 |
|
|t Pamiatky a múzeá
|g Č. 3 (1999), s. 6-8
|x 4335-4353
|
| 850 |
|
|
|a Slovenská národná knižnica
|
| 852 |
|
|
|a Slovenská národná knižnica
|
| 954 |
|
|
|a odborná, vedecká literatúra pôvodná (slovenská)
|2 lita
|
| 958 |
|
|
|a article9
|
| 958 |
|
|
|a NB
|
| 958 |
|
|
|a SK
|
| 958 |
|
|
|a OND
|
| 958 |
|
|
|a EUIPO
|
| 992 |
|
|
|a RBX
|
| 999 |
|
|
|c 2850331
|d 2852261
|